Istorii︠a︡ bankovskogo dela v Rossii : vtorai︠a︡ polovina XVIII-pervai︠a︡ polovina XIX v. /

История банковского дела в России : вторая половина ХVIII-первая половина ХIХ в. /
Bibliographic Details
Main Author: Morozan, V. V. (Vladimir Vasilʹevich)
Format: Book
Language:Russian
Published: Sankt-Peterburg : Kriga, 2004.
Subjects:

MARC

Tag First Indicator Second Indicator Subfields
LEADER 00000cam a2200000 a 4500
001 in00002194708
005 20151104081925.0
008 031120s2004 ru b 001 0 rusoc
020 |a 5901805186 
035 |a (OCoLC)ocm57425053 
040 |a CSt  |c STF  |d TXA  |d UtOrBLW 
042 |a pcc 
043 |a e-ur--- 
049 |a TXAM 
050 4 |a HG3124  |b .M68 2004 
100 1 |6 880-01  |a Morozan, V. V.  |q (Vladimir Vasilʹevich) 
245 1 0 |6 880-02  |a Istorii︠a︡ bankovskogo dela v Rossii :  |b vtorai︠a︡ polovina XVIII-pervai︠a︡ polovina XIX v. /  |c V.V. Morozan. 
264 1 |6 880-03  |a Sankt-Peterburg :  |b Kriga,  |c 2004. 
300 |a 398 pages ;  |c 21 cm. 
336 |a text  |b txt  |2 rdacontent 
337 |a unmediated  |b n  |2 rdamedia 
338 |a volume  |b nc  |2 rdacarrier 
504 |a Includes bibliographical references and index. 
650 0 |a Banks and banking  |z Russia  |x History. 
650 0 |a Finance  |z Russia  |x History. 
880 1 |6 100-01  |a Морозан, В. В.  |q (Владимир Васильевич) 
880 1 0 |6 245-02  |a История банковского дела в России :  |b вторая половина ХVIII-первая половина ХIХ в. /  |c В.В. Морозан. 
880 |6 264-03  |a Санкт-Петербург :  |b Крига,  |c 2004. 
948 |a cataloged  |b h  |c 2006/10/20  |d c  |e spoltoratski  |f 8:32:05 am 
994 |a C0  |b TXA 
999 |a MARS 
999 f f |s 758360be-043e-37d2-b1d4-75055903d211  |i eec34b23-1e2a-3ef4-a4cd-8b78d19f25c2  |t 0 
952 f f |p ric  |a Texas A&M University  |b Rellis Campus  |c Joint Library Facility  |d Remote Storage  |t 0  |e HG3124 .M68 2004  |h Library of Congress classification  |i unmediated -- volume  |m A14834843827 
998 f f |a HG3124 .M68 2004  |t 0  |l Remote Storage